| 000 | 00704nam a2200241Ia 4500 | ||
|---|---|---|---|
| 003 | OSt | ||
| 005 | 20220924114057.0 | ||
| 006 | a|||||r|||| 00| 0 | ||
| 007 | ta | ||
| 008 | 220923b |||||||| |||| 00| 0 urd d | ||
| 024 | _a319916 | ||
| 037 | _cTextual | ||
| 040 |
_aARTS _cARTS _burd |
||
| 041 |
_2urd _aurd |
||
| 082 | _aO28,2MFK,11, 168D3 | ||
| 100 |
_aKhanum Fatima Au. _9171722 |
||
| 245 | 0 | _aNisail-salmeen | |
| 260 |
_aAligarh _bMatba Ahmad India _c1903 |
||
| 650 |
_aARABIC DRAMA _9171723 |
||
| 700 |
_a Ahmad Khaksar Sayeed Tr. _9171724 |
||
| 942 |
_hO28,2MFK,11, 168D3 _cTEXL _2CC |
||
| 999 |
_c391784 _d391784 |
||